000 00698nam a2200241Ia 4500
003 OSt
005 20220927105555.0
006 a|||||r|||| 00| 0
007 ta
008 220926b |||||||| |||| 00| 0 eng d
024 _a187550
037 _cReference Collections
040 _aRTL
_cRTL
_beng
041 _2eng
_aeng
082 _a"V73.M65<-I92r, B5"
100 _a"BIESELE Rudolph and others, Ed"
_9373482
245 0 _aReadings in American History
260 _aBosten
_bHMC
_c1865
490 _v"vol.1;xi, 367p"
500 _aAppendix: 357P
942 _h"V73.M65<-I92r, B5"
_cCC
999 _c693223
_d693223